<?xml version="1.0" encoding="UTF-8"?>
<record
    xmlns:xsi="http://www.w3.org/2001/XMLSchema-instance"
    xsi:schemaLocation="http://www.loc.gov/MARC21/slim http://www.loc.gov/standards/marcxml/schema/MARC21slim.xsd"
    xmlns="http://www.loc.gov/MARC21/slim">

  <leader>01386nam a22003017a 4500</leader>
  <datafield tag="999" ind1=" " ind2=" ">
    <subfield code="c">120214</subfield>
    <subfield code="d">120214</subfield>
  </datafield>
  <controlfield tag="003">dpl</controlfield>
  <controlfield tag="005">20190425104020.0</controlfield>
  <controlfield tag="008">190425b           ||||| |||| 00| 0 eng d</controlfield>
  <datafield tag="010" ind1=" " ind2=" ">
    <subfield code="a">B-236214</subfield>
  </datafield>
  <datafield tag="020" ind1=" " ind2=" ">
    <subfield code="c">100.00</subfield>
    <subfield code="a">8181435249</subfield>
  </datafield>
  <datafield tag="035" ind1=" " ind2=" ">
    <subfield code="a">B-236214, B-236218</subfield>
  </datafield>
  <datafield tag="037" ind1=" " ind2=" ">
    <subfield code="b">Cen Lib/Ret</subfield>
  </datafield>
  <datafield tag="040" ind1=" " ind2=" ">
    <subfield code="a">DPL</subfield>
    <subfield code="b">HN</subfield>
    <subfield code="c">0</subfield>
  </datafield>
  <datafield tag="082" ind1=" " ind2=" ">
    <subfield code="a">822</subfield>
    <subfield code="b">&#x938;&#x93E;&#x930;&#x94D;&#x924;&#x94D;&#x930;&#x91C;&#x94D;&#x92F;&#x93E;&#x901;</subfield>
  </datafield>
  <datafield tag="100" ind1=" " ind2=" ">
    <subfield code="a">&#x938;&#x93E;&#x930;&#x94D;&#x924;&#x94D;&#x930;, &#x91C;&#x94D;&#x92F;&#x93E;&#x901; &#x92A;&#x93E;&#x932; </subfield>
    <subfield code="9">80571</subfield>
  </datafield>
  <datafield tag="245" ind1=" " ind2=" ">
    <subfield code="a">&#x92C;&#x928;&#x94D;&#x926; &#x930;&#x93E;&#x938;&#x94D;&#x924;&#x94B;&#x902; &#x915;&#x947; &#x92C;&#x940;&#x91A; /</subfield>
    <subfield code="c">&#x91C;&#x94D;&#x92F;&#x93E;&#x901; &#x92A;&#x93E;&#x932; &#x938;&#x93E;&#x930;&#x94D;&#x924;&#x94D;&#x930; ; &#x905;&#x928;&#x941;&#x935;&#x93E;&#x926;&#x915; &#x935;&#x93F;&#x935;&#x947;&#x915;&#x93E;&#x928;&#x928;&#x94D;&#x926; [&#x914;&#x930;] &#x90B;&#x924;&#x941; &#x936;&#x930;&#x94D;&#x92E;&#x93E; </subfield>
  </datafield>
  <datafield tag="246" ind1=" " ind2=" ">
    <subfield code="a">Band raston ke beech /</subfield>
    <subfield code="b">by Jyaan Paal Satr ; anuvadak Vivekananad [aur] Ritu Sharma </subfield>
  </datafield>
  <datafield tag="260" ind1=" " ind2=" ">
    <subfield code="a">&#x928;&#x92F;&#x940; &#x926;&#x93F;&#x932;&#x94D;&#x932;&#x940; </subfield>
    <subfield code="b">&#x935;&#x93E;&#x923;&#x940; &#x92A;&#x94D;&#x930;&#x915;&#x93E;&#x936;&#x928; </subfield>
    <subfield code="c">2006</subfield>
  </datafield>
  <datafield tag="270" ind1=" " ind2=" ">
    <subfield code="b">&#x928;&#x92F;&#x940; &#x926;&#x93F;&#x932;&#x94D;&#x932;&#x940; </subfield>
    <subfield code="a">21-&#x90F;, &#x926;&#x930;&#x93F;&#x92F;&#x93E;&#x917;&#x902;&#x91C;  </subfield>
    <subfield code="e">110002</subfield>
  </datafield>
  <datafield tag="300" ind1=" " ind2=" ">
    <subfield code="a">68&#x92A;&#x943;. </subfield>
    <subfield code="c">20&#x938;&#x947;&#x92E;&#x940;(&#x938;&#x91C;&#x93F;&#x932;&#x94D;&#x926;)</subfield>
  </datafield>
  <datafield tag="650" ind1=" " ind2=" ">
    <subfield code="a">&#x939;&#x93F;&#x928;&#x94D;&#x926;&#x940; -- &#x938;&#x93E;&#x939;&#x93F;&#x924;&#x94D;&#x92F; </subfield>
    <subfield code="9">89190</subfield>
  </datafield>
  <datafield tag="650" ind1=" " ind2=" ">
    <subfield code="a">&#x939;&#x93F;&#x928;&#x94D;&#x926;&#x940; -- &#x928;&#x93E;&#x91F;&#x915; </subfield>
    <subfield code="9">89191</subfield>
  </datafield>
  <datafield tag="650" ind1=" " ind2=" ">
    <subfield code="a">Hindi literature</subfield>
    <subfield code="9">89192</subfield>
  </datafield>
  <datafield tag="650" ind1=" " ind2=" ">
    <subfield code="a">Hindi - Drama</subfield>
    <subfield code="9">89193</subfield>
  </datafield>
  <datafield tag="700" ind1=" " ind2=" ">
    <subfield code="a">&#x935;&#x93F;&#x935;&#x947;&#x915;&#x93E;&#x928;&#x928;&#x94D;&#x926;</subfield>
    <subfield code="9">43304</subfield>
  </datafield>
  <datafield tag="700" ind1=" " ind2=" ">
    <subfield code="a">&#x936;&#x930;&#x94D;&#x92E;&#x93E;, &#x90B;&#x924;&#x941; </subfield>
    <subfield code="9">89194</subfield>
  </datafield>
  <datafield tag="942" ind1=" " ind2=" ">
    <subfield code="2">ddc</subfield>
    <subfield code="c">HN</subfield>
    <subfield code="h">822</subfield>
    <subfield code="m">&#x938;&#x93E;&#x930;&#x94D;&#x924;&#x94D;&#x930;&#x91C;&#x94D;&#x92F;&#x93E;&#x901;</subfield>
  </datafield>
  <datafield tag="952" ind1=" " ind2=" ">
    <subfield code="0">0</subfield>
    <subfield code="1">0</subfield>
    <subfield code="4">0</subfield>
    <subfield code="7">0</subfield>
    <subfield code="a">L</subfield>
    <subfield code="b">L</subfield>
    <subfield code="d">2015-09-21</subfield>
    <subfield code="e">Cen Lib/Ret</subfield>
    <subfield code="g">100.00</subfield>
    <subfield code="l">6</subfield>
    <subfield code="m">2</subfield>
    <subfield code="o">822 &#x938;&#x93E;&#x930;&#x94D;&#x924;&#x94D;&#x930;&#x91C;&#x94D;&#x92F;&#x93E;&#x901;</subfield>
    <subfield code="p">B-236214</subfield>
    <subfield code="r">2019-09-23 00:00:00</subfield>
    <subfield code="s">2019-09-09</subfield>
    <subfield code="t">1</subfield>
    <subfield code="v">100.00</subfield>
    <subfield code="w">2015-09-21</subfield>
    <subfield code="y">HN</subfield>
  </datafield>
  <datafield tag="952" ind1=" " ind2=" ">
    <subfield code="0">0</subfield>
    <subfield code="1">0</subfield>
    <subfield code="2">ddc</subfield>
    <subfield code="4">0</subfield>
    <subfield code="7">0</subfield>
    <subfield code="8">NFIC</subfield>
    <subfield code="a">BL4</subfield>
    <subfield code="b">BL4</subfield>
    <subfield code="d">2019-04-25</subfield>
    <subfield code="e">BPPD/PUB</subfield>
    <subfield code="g">100.00</subfield>
    <subfield code="l">1</subfield>
    <subfield code="o">822 &#x938;&#x93E;&#x930;&#x94D;&#x924;&#x94D;&#x930;&#x91C;&#x94D;&#x92F;&#x93E;&#x901;</subfield>
    <subfield code="p">B-236218</subfield>
    <subfield code="r">2020-08-28 00:00:00</subfield>
    <subfield code="s">2020-08-17</subfield>
    <subfield code="v">100.00</subfield>
    <subfield code="w">2019-04-25</subfield>
    <subfield code="y">HN</subfield>
  </datafield>
  <datafield tag="952" ind1=" " ind2=" ">
    <subfield code="0">0</subfield>
    <subfield code="1">0</subfield>
    <subfield code="2">ddc</subfield>
    <subfield code="4">0</subfield>
    <subfield code="7">0</subfield>
    <subfield code="8">NFIC</subfield>
    <subfield code="a">ZLS</subfield>
    <subfield code="b">ZLS</subfield>
    <subfield code="d">2021-10-18</subfield>
    <subfield code="l">4</subfield>
    <subfield code="m">1</subfield>
    <subfield code="o">822 &#x938;&#x93E;&#x930;&#x94D;&#x924;&#x94D;&#x930;&#x91C;&#x94D;&#x92F;&#x93E;&#x901;</subfield>
    <subfield code="p">B-236216</subfield>
    <subfield code="r">2025-09-26 00:00:00</subfield>
    <subfield code="s">2025-08-25</subfield>
    <subfield code="v">100.00</subfield>
    <subfield code="w">2021-10-18</subfield>
    <subfield code="y">HN</subfield>
  </datafield>
</record>
